000 00530cam a2200193ua 4500
001 3896
005 20260515113740.0
008 111221n ii |||gr||||Z||||||asm
040 _cMAIN
082 _a891.4511
100 _aBormodoi, Ananda.,
245 1 1 _aAsamiya kavita :
_badhunikatar pora uttar adhunikataloi /
_cby Ananda Bormodoi
250 _a1st.
260 _aDibrugarh:
_bAssamese deptt. Dibrugarh university,
_c2011.
300 _a108p:
_c23cm.
653 _aAssamese poem
653 _aAsamiya kavita
942 _cBK
999 _c3717
_d3717